01377nam a22002177a 4500999001900000003001000019005001700029008004100046040001400087041000700101100002600108245002400134260003000158300001200188500008300200520070400283650001900987654001101006942001201017952013001029 c357722d357722IT-MiCISF20180108154501.0180108b xxu||||| |||| 00| 0 eng d cIT-MiCISF ait aBorgna Eugenio956702 aLe passioni fragili aMilanobFeltrinellic2017 app. 238 apersona, dolore, sofferenza, adolescenza, salute-mentale, cultura, psichiatria aPerché gli adolescenti sono tristi? Da che cosa deriva il loro senso perenne di inadeguatezza nei confronti del mondo che li circonda? Come si articolano, e come si confrontano, esperienze psicopatologiche ed esperienze creative? Sappiamo riconoscere il valore umano della malattia? Queste e altre domande articolano la riflessione dell’A. sulle passioni fragili che appartengono alla nostra vita e alla nostra crescita, percorrendo il tema del dolore, della malattia dell’anima nell’infanzia e nell’adolescenza, ma distinguendo una condizione depressiva, che sarebbe meglio chiamare malinconia, o tristezza vitale, da quella che ha dimensioni psicopatologiche radicalmente più profonde. apersona956046 asaggio 2ddccBK 00102ddc406B_7417_00000000000000071aCISFbCISFd2018-01-08l0ob7417p9788807105296r2018-01-08 00:00:00w2018-01-08yBK